Представление документа в формате RUSMARC

ПолеНазваниеЗначение
  Тип записи a
  Библиографический уровень m
001 Контрольный номер RU/IS/BASE/215532533
005 Дата корректировки 20210205111810.0
010 Индекс ISBN __
a ISBN 0-7513-8628-6
d Цена 60р.00к.(120р.00к.); 180-00; 180-00
200 Заглавие и сведения об ответственности 1_
a Заглавие Первая помощь ребенку
f Первые сведения об ответственности Пер. с англ. В. Свечникова
210 Выходные данные 1_
a Место издания М.
c Издательство Дорлинг Киндерсли
d Дата издания 1998
215 Физическое описание __
a Объем 128 с.
c Иллюстрации/тип воспроизводства ил.
606 Тематические рубрики __
a Основная рубрика медицина
610 Ключевые слова 0_
a Ключевые слова экстремальные ситуации
a Ключевые слова первая помощь ребенку
a Ключевые слова реанимация
a Ключевые слова кровотечение
a Ключевые слова ожоги
a Ключевые слова отравление
a Ключевые слова травмы
a Ключевые слова инородное тело
a Ключевые слова укусы
a Ключевые слова рвота
686 Индексы других классификаций __
a Индекс ББК 53.5
801 Источник записи _0
a Страна RU
b Организация Лянтор
g Правила каталогизации Дмитришин
801 Источник записи _1
a Страна RU
b Организация Лянтор
g Правила каталогизации Дмитришин
852 Данные о местонахождении __
j Шифр хранения 53.5
i Авторский знак П 261
p Инвентарный номер 69050
b Сигла хранения 26
901 Тип документа __
t Тип документа m
990 Данные о заказе (DOS) __
h N записи в КСУ для Б/У (DOS) 2002-3; 2002-11; 2003-1
j Количество экземпляров (DOS) 2